[Event "Tournoi francophone 022C"]
[Site "Skype"]
[Date "????.??.??"]
[Round "7.2"]
[White "Duthoit, Bernard"]
[Black "Moumtaz, Abderrahim"]
[Result "1/2-1/2"]
[WhiteElo "1566"]
[BlackElo "1577"]
[PlyCount "71"]

1. e4 e5 2. Nf3 Nc6 3. Bc4 Bc5 4. d3 Nf6 5. Bg5 O-O 6. Nc3 d6 7. a3 a6 8. b4
Bb6 9. O-O Be6 10. Bxe6 fxe6 11. Re1 Qe7 12. Be3 Bxe3 13. Rxe3 Nd4 14. Ne2 Ng4
15. Nexd4 Nxe3 16. fxe3 exd4 17. exd4 Qf6 18. Qe2 e5 19. Rf1 exd4 20. Qf2 Qf4
21. Qxd4 Rae8 22. Qd5+ Qf7 23. Qxb7 Ra8 24. Nd2 Qe7 25. Qd5+ Kh8 26. Nf3 Rae8
27. Qc6 Ra8 28. a4 Qf7 29. Qc3 Rac8 30. a5 Qf6 31. Qc6 Qb2 32. c3 Qe2 33. d4
Qe3+ 34. Kh1 Qd3 35. Kg1 Qe3+ 36. Kh1 1/2-1/2

[Event "Tournoi francophone 022C"]
[Site "Skype"]
[Date "????.??.??"]
[Round "7.3"]
[White "Scata, Laura"]
[Black "Cengiz, Ali Ekber"]
[Result "0-1"]
[WhiteElo "1583"]
[BlackElo "1555"]
[PlyCount "56"]

1. d4 d5 2. Nf3 Nf6 3. e3 c6 4. Bd3 Bg4 5. h3 Bh5 6. g4 Bg6 7. Ne5 Bxd3 8. Qxd3
e6 9. Nd2 Nbd7 10. a3 Be7 11. b3 O-O 12. Bb2 c5 13. Qe2 a6 14. g5 Ne8 15. h4 f6
16. Nxd7 Qxd7 17. gxf6 Nxf6 18. O-O-O Qb5 19. Rde1 Qxe2 20. Rxe2 Ng4 21. e4
Nxf2 22. Rh2 Nxe4 23. Kb1 Nxd2+ 24. Rxd2 cxd4 25. Bxd4 Bxa3 26. h5 Rf1+ 27. Ka2
Bd6 28. Rde2 Bxh2 0-1

[Event "Tournoi francophone 022C"]
[Site "Skype"]
[Date "????.??.??"]
[Round "7.4"]
[White "Sauvaget, Joel"]
[Black "Rivalta, Paolo"]
[Result "1/2-1/2"]
[WhiteElo "1553"]
[BlackElo "1499"]
[PlyCount "62"]

1. d4 d5 2. Bf4 Nc6 3. e3 Nf6 4. h3 Bf5 5. a3 e6 6. Nf3 Bd6 7. Bxd6 Qxd6 8. Be2
O-O 9. O-O Rfe8 10. Nbd2 e5 11. dxe5 Nxe5 12. Nxe5 Qxe5 13. c3 Rad8 14. Nf3 Qe4
15. Nd4 Bg6 16. Bf3 Qe5 17. Qb3 c5 18. Ne2 b6 19. Rad1 c4 20. Qa2 Be4 21. Bxe4
dxe4 22. Nd4 Qc5 23. Qb1 b5 24. Rd2 h6 25. Rfd1 Rd5 26. Ne2 Rxd2 27. Rxd2 a5
28. Qd1 Qc8 29. Nd4 Qb7 30. Nf5 Re5 31. Ng3 Rd5 1/2-1/2

[Event "Tournoi francophone 022C"]
[Site "Skype"]
[Date "????.??.??"]
[Round "8.2"]
[White "Rivalta, Paolo"]
[Black "Gharbi, Said"]
[Result "1-0"]
[WhiteElo "1499"]
[BlackElo "1546"]
[PlyCount "65"]

1. d4 e5 2. d5 Nf6 3. Nc3 Bc5 4. e4 d6 5. Nf3 Ng4 6. Bg5 f6 7. Bh4 O-O 8. h3
Nh6 9. Na4 Bb4+ 10. c3 Ba5 11. b4 Bb6 12. Nxb6 axb6 13. Bb5 c6 14. Bc4 b5 15.
Bb3 Qb6 16. dxc6+ Kh8 17. Qxd6 Rd8 18. Qc5 Qxc5 19. bxc5 bxc6 20. O-O Na6 21.
Rfd1 Bb7 22. Rxd8+ Rxd8 23. g4 Ng8 24. g5 fxg5 25. Bxg5 Rf8 26. Nxe5 h6 27.
Ng6+ Kh7 28. Nxf8+ Kh8 29. Be3 Bc8 30. Kh2 Nf6 31. e5 Ne4 32. e6 Kg8 33. e7+
1-0

[Event "Tournoi francophone 022C"]
[Site "Skype"]
[Date "????.??.??"]
[Round "8.3"]
[White "Cengiz, Ali Ekber"]
[Black "Sauvaget, Joel"]
[Result "1/2-1/2"]
[WhiteElo "1555"]
[BlackElo "1553"]
[PlyCount "41"]

1. e4 e5 2. Nf3 d6 3. Bc4 h6 4. Nc3 c6 5. h3 Be7 6. d4 exd4 7. Qxd4 Nf6 8. O-O
O-O 9. Bf4 a6 10. e5 dxe5 11. Qxd8 Rxd8 12. Nxe5 Be6 13. Bxe6 fxe6 14. Rad1
Nbd7 15. Ng6 Kf7 16. Nxe7 Kxe7 17. Rfe1 Nf8 18. Na4 Rxd1 19. Rxd1 Rd8 20. Rxd8
Kxd8 21. Nc5 1/2-1/2